000 00615nam a2200217 a 4500
005 20240924071304.0
008 140624s2006 mx r 000 0 spa d
020 _a8496388352
035 _aUPN01000198290
049 _aI
050 4 _aPZ71
_bR5.26
100 1 _aRisari, Guia
_935752
245 1 0 _aAquiles el puntito /
_cGuia Risari ; il. Marc Taeger.
260 _aSevilla, Esp. :
_bKalandraka,
_c2006.
300 _a[33] p. :
_bil. col.
440 0 _aLibros para soñar
650 4 _aLiteratura infantil
_94445
650 4 _aLibros y lectura para niños
_92290
905 _aInfantil
999 _c170391
_d170391